<The> Importance of key performance indicators in the process of performance evaluation of business entities active in the Slovak republic
Hodnotenie výkonu v kontexte spojenia medzi individuálnymi hodnotiacimi metódami a kľúčovými indikátormi. Výskum uskutočnený na malých, stredných a veľkých podnikoch pôsobiacich na Slovensku na regionálnej a nadnárodnej úrovni.
Gespeichert in:
| 1. Verfasser: | |
|---|---|
| Weitere Verfasser: | , |
| Format: | Buchkapitel |
| Sprache: | Englisch |
| Schlagworte: | |
| Tags: |
Keine Tags, Fügen Sie das erste Tag hinzu!
|
MARC
| LEADER | 00000nla a2200000 4500 | ||
|---|---|---|---|
| 001 | 0231007 | ||
| 005 | 20240502073802.0 | ||
| 041 | 0 | |a eng | |
| 044 | |a SK | ||
| 245 | 1 | 0 | |a <The> Importance of key performance indicators in the process of performance evaluation of business entities active in the Slovak republic |c Nella Svetozarovová, František Pollák, Zuzana Kaščáková |
| 520 | |a Hodnotenie výkonu v kontexte spojenia medzi individuálnymi hodnotiacimi metódami a kľúčovými indikátormi. Výskum uskutočnený na malých, stredných a veľkých podnikoch pôsobiacich na Slovensku na regionálnej a nadnárodnej úrovni. | ||
| 610 | 2 | 0 | |a výkonnosť podniku |
| 610 | 2 | 0 | |a ukazovatele výkonnosti |
| 610 | 2 | 0 | |a podnik |
| 610 | 2 | 0 | |a Slovensko |
| 100 | 1 | |a Svetozarovová, Nella | |
| 700 | 1 | |a Pollák, František, 1985- | |
| 700 | 1 | |a Kaščáková, Zuzana | |